| 000 | 01088nam a2200241 a 4500 | ||
|---|---|---|---|
| 001 | 000563824 | ||
| 003 | AM-YeHGA | ||
| 005 | 20250617163323.0 | ||
| 008 | 080116s1960 ru |||||r|||||000|0|rus d | ||
| 040 | _aAM-YeHGA | ||
| 041 | 0 | _arus | |
| 100 | 1 | _aЛавров, Николай Владимирович | |
| 245 | 1 | 0 |
_aТермодинамика реакций газификации и синтеза из газов / _cН.В. Лавров, В.В. Коробов, В.И. Филлипова ; Отв. ред. В.В. Лебедев ; ИГИ АН СССР. |
| 260 |
_aМосква : _bИзд-во АН СССР, _c1960. |
||
| 300 | _a101 с. | ||
| 504 | _aБиблиогр. в конце глав | ||
| 650 | 1 | 4 | _aТермодинамика. Энергетика |
| 653 | 1 | _aтермодинамические величины | |
| 700 | 1 | _aКоробов Валерий Владимирович | |
| 700 | 1 | _aФилиппова Вера Ивановна | |
| 710 | 2 | _aИнститут горючих ископаемых Академии Наук СССР | |
| 090 | _c508155 | ||
| 999 |
_c504736 _d504736 |
||